Villes d'Europe commençant par C - Carte Quiz - Statistiques

Statistiques générales
  • Ce quiz a été pris 1 552 fois
  • Le résultat moyen est 17 sur 24
Réponses sur la Carte
Les réponses sont colorées sur une échelle allant du rouge au vert en fonction du pourcentage des utilisateurs qui les ont devinées à leur premier essai. Vous pouvez retrouver ces pourcentages ci-dessous.
 
Statistiques - réponses
Réponse % Correct
Cannes
94%
Clermont-Ferrand
94%
Copenhague
94%
Calais
93%
Charleroi
88%
Cologne
88%
Cherbourg-en-Cotentin
86%
Cracovie
83%
Cardiff
77%
Chișinău
77%
Cork
75%
Capri
73%
Cluj-Napoca
67%
Cagliari
66%
Cambridge
66%
Cordoue
66%
Chemnitz
63%
Cadix
62%
Catane
57%
Corfou
57%
Coventry
52%
Constanța
51%
Coïmbre
48%
Coire
46%
Aucun quiz correspondant
Distribution des résultats
% des personnes avec chaque résultat
Percentile par nombre de réponses
Votre historique - résultats
Vous n’avez pas pris ce quiz